[Event "4NCL Division 2b"]
[Site "Birmingham, ENG ENG"]
[Date "2016.01.23"]
[Round "3.251"]
[White "Spencer, Carl J"]
[Black "Richardson, John R"]
[Result "0-1"]
[WhiteElo "2132"]
[BlackElo "2320"]
[PlyCount "68"]
[EventDate "2016.01.23"]
[WhiteTeam "Cambridge University 2"]
[BlackTeam "The AD's"]

1. d4 Nf6 2. c4 e6 3. Nc3 Bb4 4. e3 O-O 5. Nge2 Re8 6. a3 Bf8 7. e4 d5 8. e5
Nfd7 9. c5 b6 10. b4 a5 11. Be3 axb4 12. axb4 Rxa1 13. Qxa1 bxc5 14. bxc5 Ba6
15. g3 Bxc5 16. dxc5 Nxe5 17. Nd4 Nd3+ 18. Bxd3 Bxd3 19. Kd2 Bc4 20. f4 f6 21.
Qa4 e5 22. Nf3 Re6 23. Bf2 Ra6 24. Qc2 d4 25. Rd1 dxc3+ 26. Ke1 Qe8 27. fxe5
Ra3 28. Qe4 Bf7 29. Qb4 Rb3 30. Qe4 Nc6 31. Bd4 c2 32. Rc1 Rxf3 33. Qxf3 Nxd4
34. Qe3 Qxe5 0-1

[Event "4NCL Division 2b"]
[Site "Birmingham, ENG ENG"]
[Date "2016.01.23"]
[Round "3.252"]
[White "Wheeler, Darren P"]
[Black "Pickard, Charles"]
[Result "1-0"]
[WhiteElo "2215"]
[BlackElo "2141"]
[PlyCount "129"]
[EventDate "2016.01.23"]
[WhiteTeam "The AD's"]
[BlackTeam "Cambridge University 2"]

1. e4 c5 2. f4 d5 3. Nc3 dxe4 4. Nxe4 Qc7 5. Nf3 Nf6 6. Bb5+ Bd7 7. Bxd7+ Nbxd7
8. d3 g6 9. c4 Bg7 10. O-O O-O 11. Qe2 Rad8 12. Nc3 e6 13. Kh1 Nb8 14. Be3 b6
15. d4 cxd4 16. Nxd4 Rd7 17. Rad1 Rfd8 18. Nb3 h5 19. c5 Rxd1 20. Rxd1 Rxd1+
21. Qxd1 Ng4 22. Qf3 Nxe3 23. Qxe3 bxc5 24. Nxc5 Nc6 25. Nb3 Nb4 26. a3 Nc2 27.
Qc1 Bxc3 28. Qxc2 Qxf4 29. Kg1 Qe3+ 30. Kf1 Be5 31. g3 h4 32. gxh4 Qf3+ 33. Ke1
Qh1+ 34. Kd2 Bf4+ 35. Kd3 Qd5+ 36. Ke2 Bxh2 37. Nd2 Qg2+ 38. Kd3 Qh3+ 39. Kc4
Qxh4+ 40. Kb5 Qf2 41. Qc8+ Kh7 42. Nc4 g5 43. Qd8 g4 44. Ka6 Bg1 45. Qg5 Qf5
46. Qh4+ Kg6 47. Qh8 Qc5 48. Qg8+ Kf6 49. Qxg4 Qc6+ 50. Ka5 Qc5+ 51. Ka6 e5 52.
Qe4 Bd4 53. b3 Qc8+ 54. Kb5 Qc5+ 55. Ka6 Ke6 56. Qg4+ Ke7 57. Qg5+ Kd7 58. Qf5+
Ke8 59. Kb7 Qb5+ 60. Kc8 Qc6+ 61. Kb8 Qd7 62. Qe4 Kd8 63. Qh4+ Qe7 64. Qh8+ Kd7
65. Qc8# 1-0

[Event "4NCL Division 2b"]
[Site "Birmingham, ENG ENG"]
[Date "2016.01.23"]
[Round "3.253"]
[White "Hill, Alistair"]
[Black "Besedin, Pavel"]
[Result "1-0"]
[WhiteElo "2167"]
[BlackElo "2237"]
[PlyCount "65"]
[EventDate "2016.01.23"]
[WhiteTeam "Cambridge University 2"]
[BlackTeam "The AD's"]

1. d4 g6 2. e4 Bg7 3. Nc3 d6 4. Bg5 c5 5. d5 Nd7 6. Nf3 h6 7. Bf4 Qb6 8. Rb1
Ngf6 9. h3 Nh5 10. Be3 Qa5 11. Qd2 a6 12. a4 Nb6 13. Bd3 Qb4 14. O-O Bd7 15.
Rfe1 Nxa4 16. Nxa4 Qxd2 17. Bxd2 Bxa4 18. e5 dxe5 19. Nxe5 Nf6 20. b3 Bd7 21.
c4 a5 22. Ra1 b6 23. Bc3 Ra7 24. b4 cxb4 25. Bxb4 O-O 26. Bxe7 Rc8 27. Rab1 b5
28. Bxf6 Bxf6 29. cxb5 Bf5 30. Bxf5 gxf5 31. b6 Rb7 32. Nc6 Bd8 33. Re8+ 1-0

[Event "4NCL Division 2b"]
[Site "Birmingham, ENG ENG"]
[Date "2016.01.23"]
[Round "3.254"]
[White "Swindells, Jonathan E"]
[Black "Robertson, J Stuart"]
[Result "1/2-1/2"]
[WhiteElo "2260"]
[BlackElo "2105"]
[PlyCount "140"]
[EventDate "2016.01.23"]
[WhiteTeam "The AD's"]
[BlackTeam "Cambridge University 2"]

1. e4 c5 2. Nc3 Nc6 3. Bb5 Nd4 4. Bc4 e6 5. Nge2 Nf6 6. e5 d5 7. Nxd4 cxd4 8.
Bb5+ Bd7 9. exf6 dxc3 10. Bxd7+ Qxd7 11. Qf3 gxf6 12. dxc3 f5 13. Be3 Bg7 14.
Qg3 Bf6 15. O-O-O Qa4 16. Kb1 Qg4 17. Qxg4 fxg4 18. h3 h5 19. hxg4 hxg4 20.
Rxh8+ Bxh8 21. Rh1 Bf6 22. Rh6 Be5 23. Rh4 g3 24. f4 Bf6 25. Rh6 Bg7 26. Rh3
Kd7 27. Rxg3 Bf6 28. Kc1 e5 29. fxe5 Bxe5 30. Rf3 Ke6 31. g4 f6 32. g5 fxg5 33.
Bxg5 a6 34. Be3 Bd6 35. Bd4 Rf8 36. Rxf8 Bxf8 37. Bb6 Kd7 38. a4 Kc6 39. a5
Bh6+ 40. Kd1 Kb5 41. b3 Bg5 42. Ke2 Bf6 43. Kd3 Be5 44. Bd8 Bg7 45. Bc7 Bf6 46.
b4 Bg7 47. Bd8 Be5 48. Bb6 Bf6 49. Bd4 Bg5 50. Be5 Bh4 51. Kd4 Kc6 52. c4 Bf2+
53. Kd3 Bg1 54. Bd4 Bh2 55. cxd5+ Kxd5 56. c4+ Kc6 57. Bc5 Bg3 58. Kc3 Bc7 59.
Be3 Be5+ 60. Kb3 Bg3 61. Ka4 Be5 62. Bb6 Bb8 63. b5+ axb5+ 64. cxb5+ Kd5 65.
Bd8 Bd6 66. Bh4 Bf4 67. Bf2 Bd2 68. Bb6 Bf4 69. Kb3 Bd2 70. Kc2 Bxa5 1/2-1/2

[Event "4NCL Division 2b"]
[Site "Birmingham, ENG ENG"]
[Date "2016.01.23"]
[Round "3.255"]
[White "Gordon-Brown, Alexander J"]
[Black "Snape, Ian L"]
[Result "0-1"]
[WhiteElo "2043"]
[BlackElo "2245"]
[PlyCount "108"]
[EventDate "2016.01.23"]
[WhiteTeam "Cambridge University 2"]
[BlackTeam "The AD's"]

1. d4 c5 2. d5 g6 3. e4 d6 4. c4 Nf6 5. Nc3 Bg7 6. f4 O-O 7. Nf3 a6 8. Bd3 b5
9. cxb5 axb5 10. Bxb5 Nxe4 11. Nxe4 Qa5+ 12. Nc3 Bxc3+ 13. bxc3 Qxb5 14. Nd2
Qd3 15. Qf3 Qxf3 16. Nxf3 Ba6 17. Nd2 Nd7 18. Rb1 Rfb8 19. Rxb8+ Rxb8 20. Kd1
Nb6 21. Kc2 Nxd5 22. Nb3 Bc8 23. g3 Bf5+ 24. Kd2 Nb6 25. Ke2 Ra8 26. a3 Nc4 27.
Nd2 Nxa3 28. Bb2 Nb5 29. Ra1 Rb8 30. c4 Nd4+ 31. Bxd4 cxd4 32. Ra5 Be6 33. Ra2
Rb4 34. Kd3 d5 35. Kxd4 dxc4 36. Kc3 Rb7 37. Nxc4 Rc7 38. Ra4 h5 39. Kd4 Rxc4+
40. Rxc4 Bxc4 41. Kxc4 Kg7 42. Kd4 Kf6 43. Ke4 Ke6 44. h3 Kf6 45. g4 hxg4 46.
hxg4 g5 47. f5 e6 48. fxe6 Kxe6 49. Kd4 f5 50. gxf5+ Kxf5 51. Ke3 Kg4 52. Kf2
Kh3 53. Kg1 g4 54. Kf2 Kh2 0-1

[Event "4NCL Division 2b"]
[Site "Birmingham, ENG ENG"]
[Date "2016.01.23"]
[Round "3"]
[White "Rich, Mark C"]
[Black "Gooding, Ian"]
[Result "1-0"]
[WhiteElo "2260"]
[BlackElo "2031"]
[PlyCount "79"]
[EventDate "2016.01.23"]
[WhiteTeam "The AD's"]
[BlackTeam "Cambridge University 2"]

1. e4 e6 2. Nc3 d5 3. Nf3 d4 4. Ne2 c5 5. c3 Nc6 6. cxd4 cxd4 7. Qa4 Bc5 8. b4
Bxb4 9. Nexd4 Qa5 10. Qxa5 Bxa5 11. Nxc6 bxc6 12. Ne5 Bd7 13. Ba3 Rb8 14. Bd6
Rb7 15. Ba6 Rb6 16. Bd3 Bb4 17. Bxb4 Rxb4 18. Ke2 Nf6 19. Rab1 c5 20. a3 Rb6
21. Rxb6 axb6 22. Rb1 O-O 23. Rxb6 Ra8 24. Rb7 Be8 25. Rc7 Rxa3 26. g4 Kf8 27.
Rxc5 Nd7 28. Nxd7+ Bxd7 29. Rc7 Ba4 30. Rc1 Ke7 31. e5 Kd7 32. h4 Bc6 33. Rc3
Ra5 34. f4 h6 35. Rc1 g5 36. fxg5 Rxe5+ 37. Kf2 hxg5 38. h5 Ra5 39. h6 Ra8 40.
Rxc6 1-0

[Event "4NCL Division 2b"]
[Site "Birmingham, ENG ENG"]
[Date "2016.01.23"]
[Round "3.1"]
[White "Starley, Robert"]
[Black "Anderton, David W"]
[Result "1/2-1/2"]
[WhiteElo "2012"]
[BlackElo "2162"]
[PlyCount "50"]
[EventDate "2016.01.23"]
[WhiteTeam "Cambridge University 2"]
[BlackTeam "The AD's"]

1. e4 e6 2. d4 d5 3. Nc3 Bb4 4. e5 c5 5. a3 Bxc3+ 6. bxc3 Qa5 7. Bd2 Qa4 8. Qb1
c4 9. Nf3 Nc6 10. Be2 f6 11. exf6 Nxf6 12. O-O O-O 13. Qb2 Ne4 14. Rfd1 Qa5 15.
Be1 Qc7 16. Rdb1 b6 17. Nd2 Nxd2 18. Bxd2 Qf7 19. Be3 Bd7 20. Qc1 Rae8 21. Qd2
Kh8 22. f4 Ne7 23. g3 Nf5 24. Re1 Nd6 25. Bf3 Qf5 1/2-1/2

[Event "4NCL Division 2b"]
[Site "Birmingham, ENG ENG"]
[Date "2016.01.23"]
[Round "3.2"]
[White "Anderton, Doreen"]
[Black "Davis, Holden"]
[Result "0-1"]
[WhiteElo "1540"]
[BlackElo "1707"]
[PlyCount "114"]
[EventDate "2016.01.23"]
[WhiteTeam "The AD's"]
[BlackTeam "Cambridge University 2"]

1. d4 Nf6 2. c4 e5 3. Nf3 exd4 4. Nxd4 Bc5 5. e3 O-O 6. Bd3 d5 7. O-O Bg4 8. f3
Bh5 9. Nc3 Re8 10. Qb3 dxc4 11. Qxc4 Bxd4 12. exd4 Nc6 13. Ne2 Qd7 14. Bg5 Nd5
15. Be4 Nb6 16. Qb5 Nxd4 17. Nxd4 Qxd4+ 18. Kh1 c6 19. Qf5 Bg6 20. Qf4 Bxe4 21.
fxe4 f6 22. Rad1 Qxe4 23. Qxe4 Rxe4 24. Bf4 Nd5 25. Bc1 Rae8 26. g3 Re2 27. Kg1
Kf7 28. Rd2 g6 29. Rf2 Re1+ 30. Rf1 f5 31. Rdf2 Rxf1+ 32. Rxf1 Nb4 33. a3 Nd3
34. Rd1 Nxc1 35. Rxc1 Re2 36. b4 g5 37. b5 cxb5 38. Rc7+ Re7 39. Rc5 Kf6 40.
Rxb5 b6 41. Kf2 Re5 42. Rb3 h5 43. h3 Rc5 44. Rd3 Rc2+ 45. Kg1 Ra2 46. Re3 f4
47. gxf4 gxf4 48. Rc3 Ke5 49. Rb3 Kd4 50. Rb4+ Ke3 51. Rb5 f3 52. Re5+ Kf4 53.
Rxh5 Rxa3 54. Kf2 Ra2+ 55. Kf1 Kg3 56. Rg5+ Kxh3 57. Rf5 Kg3 0-1

[Event "4NCL Division 2b"]
[Site "Birmingham, ENG ENG"]
[Date "2016.01.23"]
[Round "3.5"]
[White "Reid, John"]
[Black "Lewis, Andrew P"]
[Result "0-1"]
[WhiteElo "2335"]
[BlackElo "2283"]
[PlyCount "62"]
[EventDate "2016.01.23"]
[WhiteTeam "Hackney 1"]
[BlackTeam "Anglian Avengers 1"]

1. d4 Nf6 2. c4 g6 3. Nc3 Bg7 4. e4 d6 5. Nf3 O-O 6. h3 e5 7. d5 Na6 8. Be3 Nc5
9. Nd2 a5 10. g4 Ne8 11. Rg1 c6 12. Nb3 cxd5 13. cxd5 b6 14. g5 f5 15. Bxc5
bxc5 16. Nd2 Rb8 17. Qc2 Rb4 18. a3 Rd4 19. Nb3 a4 20. Nxd4 exd4 21. Nxa4 fxe4
22. Nxc5 dxc5 23. Qxc5 Nd6 24. Rc1 Qe7 25. Qc7 Bd7 26. Rc6 Qf7 27. Rg2 Bxc6 28.
Qxf7+ Rxf7 29. dxc6 d3 30. b4 Nc4 31. Kd1 Bc3 0-1

[Event "4NCL Division 2b"]
[Site "Birmingham, ENG ENG"]
[Date "2016.01.23"]
[Round "3.6"]
[White "Mayhew, Andrew"]
[Black "Eames, Robert S"]
[Result "1-0"]
[WhiteElo "2327"]
[BlackElo "2320"]
[PlyCount "109"]
[EventDate "2016.01.23"]
[WhiteTeam "Anglian Avengers 1"]
[BlackTeam "Hackney 1"]

1. d4 Nf6 2. c4 g6 3. Nc3 Bg7 4. e4 d6 5. Be2 O-O 6. Nf3 e5 7. O-O Nc6 8. d5
Ne7 9. b4 Ne8 10. c5 h6 11. Nd2 f5 12. a4 Nf6 13. Ba3 g5 14. b5 Ng6 15. b6 axb6
16. cxd6 cxd6 17. Nc4 Ne8 18. Rb1 Nf4 19. Rxb6 Rf6 20. exf5 Bxf5 21. Rxb7 g4
22. Nb6 Rb8 23. Rxb8 Qxb8 24. a5 Rg6 25. Qa4 e4 26. Bb5 Nc7 27. Ne2 Nxe2+ 28.
Bxe2 h5 29. Qc6 Be5 30. Rc1 Ne8 31. Bb5 Nf6 32. Qc7 Qf8 33. a6 g3 34. hxg3 e3
35. f3 Bxg3 36. a7 Bf2+ 37. Kh1 Bh3 38. Bf1 e2 39. Bxe2 Bxg2+ 40. Kh2 Ne8 41.
Qxd6 Rxd6 42. Kxg2 Qg7+ 43. Kxf2 Qd4+ 44. Ke1 Rg6 45. Bc5 Rg1+ 46. Bf1 Qe5+ 47.
Kd2 Qf4+ 48. Be3 Qb4+ 49. Ke2 Qb2+ 50. Ke1 Qa3 51. Nc4 Rxf1+ 52. Kxf1 Qa6 53.
Kf2 Nf6 54. Bd4 Nxd5 55. Ra1 1-0

[Event "4NCL Division 2b"]
[Site "Birmingham, ENG ENG"]
[Date "2016.01.23"]
[Round "3.7"]
[White "Walker, Nicholas P"]
[Black "Talsma, Paul"]
[Result "1/2-1/2"]
[WhiteElo "2177"]
[BlackElo "2245"]
[PlyCount "68"]
[EventDate "2016.01.23"]
[WhiteTeam "Hackney 1"]
[BlackTeam "Anglian Avengers 1"]

1. Nf3 f5 2. d4 Nf6 3. Bg5 e6 4. Nbd2 Be7 5. g3 O-O 6. Bg2 d6 7. c4 h6 8. Bxf6
Bxf6 9. O-O e5 10. dxe5 dxe5 11. e4 Nc6 12. Qb3 f4 13. Rad1 fxg3 14. hxg3 Qe8
15. c5+ Kh8 16. Nb1 Rb8 17. Nc3 Bg4 18. Nd5 Bd8 19. Qa3 a6 20. Rd2 Qh5 21. Nh2
Nd4 22. c6 Bg5 23. Rxd4 bxc6 24. Rb4 cxd5 25. Rxb8 Rxb8 26. Nxg4 Qxg4 27. exd5
Qc4 28. d6 cxd6 29. Qxd6 Re8 30. Bd5 Qd3 31. Qc6 Rd8 32. Be4 Qd6 33. Qb7 Rb8
34. Qf7 Qf6 1/2-1/2

[Event "4NCL Division 2b"]
[Site "Birmingham, ENG ENG"]
[Date "2016.01.23"]
[Round "3.8"]
[White "Player, Edmund C"]
[Black "Chin, Francis"]
[Result "1/2-1/2"]
[WhiteElo "2193"]
[BlackElo "2102"]
[PlyCount "100"]
[EventDate "2016.01.23"]
[WhiteTeam "Anglian Avengers 1"]
[BlackTeam "Hackney 1"]

1. e4 e6 2. d4 d5 3. Nd2 c5 4. exd5 exd5 5. Ngf3 Nc6 6. Bb5 Bd6 7. dxc5 Bxc5 8.
O-O Nge7 9. Nb3 Bd6 10. h3 O-O 11. Bd3 Bf5 12. Re1 Qd7 13. Nbd4 Bg6 14. c3 Rfe8
15. Be3 Rad8 16. Qc2 Bb8 17. Rad1 Qd6 18. Nb5 Qd7 19. Bxg6 hxg6 20. Nbd4 Na5
21. Bg5 Nac6 22. Re2 f6 23. Bc1 Nf5 24. Nxf5 gxf5 25. Rde1 Re4 26. Nd2 Re5 27.
Nf1 Rde8 28. Be3 Re4 29. g3 Qe6 30. f3 Re5 31. Kf2 Bc7 32. Bd4 Nxd4 33. cxd4
Bb6 34. Rxe5 fxe5 35. Kg2 Bxd4 36. Qb3 Qc6 37. Ne3 Rc8 38. Re2 Bxe3 39. Qxe3 e4
40. fxe4 fxe4 41. Qxa7 b6 42. Qe7 Re8 43. Qb4 Qc5 44. Qxc5 bxc5 45. Rc2 Rc8 46.
Kf2 d4 47. Rc4 Rf8+ 48. Ke1 Rf3 49. Rxc5 Rxg3 50. Rc4 Rg2 1/2-1/2

[Event "4NCL Division 2b"]
[Site "Birmingham, ENG ENG"]
[Date "2016.01.23"]
[Round "3.9"]
[White "Bowmer, Kevin"]
[Black "Bayford, Jim R"]
[Result "0-1"]
[WhiteElo "2050"]
[BlackElo "2177"]
[PlyCount "50"]
[EventDate "2016.01.23"]
[WhiteTeam "Hackney 1"]
[BlackTeam "Anglian Avengers 1"]

1. e4 e6 2. d4 d5 3. Nd2 Nf6 4. e5 Nfd7 5. c3 c5 6. Bd3 Nc6 7. Ne2 Qb6 8. Nf3
cxd4 9. cxd4 f6 10. exf6 Nxf6 11. Nc3 Bd6 12. O-O Bd7 13. Be3 O-O 14. Re1 Be8
15. Ne5 Kh8 16. Be2 Rc8 17. a3 Na5 18. Na4 Qb3 19. Bd2 Bxa4 20. Bxa5 Rc2 21.
Bc3 Ne4 22. Bd3 Rcxf2 23. Qxb3 Bxb3 24. Nf3 R8xf3 25. gxf3 Bxh2+ 0-1

[Event "4NCL Division 2b"]
[Site "Birmingham, ENG ENG"]
[Date "2016.01.23"]
[Round "3.10"]
[White "Moore, Graham J"]
[Black "Yurenok, Maria S"]
[Result "1/2-1/2"]
[WhiteElo "2200"]
[BlackElo "2020"]
[PlyCount "201"]
[EventDate "2016.01.23"]
[WhiteTeam "Anglian Avengers 1"]
[BlackTeam "Hackney 1"]

1. e4 c5 2. Nf3 e6 3. d4 cxd4 4. Nxd4 Nc6 5. Nc3 Qc7 6. Be2 a6 7. O-O Nf6 8. a3
Nxd4 9. Qxd4 Bd6 10. h3 Be5 11. Qd3 b5 12. f4 Bxc3 13. bxc3 Bb7 14. Bf3 Rc8 15.
Bd2 O-O 16. a4 Qc4 17. axb5 axb5 18. Rfe1 d5 19. Ra7 dxe4 20. Qxc4 bxc4 21.
Rxb7 exf3 22. gxf3 Rfd8 23. Be3 Nd5 24. Bd4 Nxf4 25. Re4 Ng6 26. Rb4 Rd6 27.
Be3 Rdc6 28. Rd4 Ne7 29. Rb7 Nf5 30. Re4 Nxe3 31. Rxe3 R6c7 32. Rb4 Kf8 33. Re4
h5 34. Kf2 Ke7 35. Ke3 g6 36. h4 Rc5 37. Rd4 R8c7 38. Ra4 e5 39. Rd1 Ke6 40.
Ra6+ R5c6 41. Ra5 Rd6 42. Rb1 Rcd7 43. Rc5 Rd1 44. Rb6+ R7d6 45. Rxd6+ Kxd6 46.
Rxc4 Re1+ 47. Kd2 Rf1 48. Ke2 Rh1 49. Ra4 Rh2+ 50. Kd3 Rf2 51. Ra6+ Ke7 52. Ke4
Rxc2 53. Kxe5 Rxc3 54. Ra7+ Kf8 55. Kf4 Rc4+ 56. Kg5 Kg7 57. Rb7 Rc2 58. Kf4
Re2 59. Rb4 Re1 60. Rb5 Re6 61. Ra5 Rb6 62. Ra4 Rf6+ 63. Ke4 Rf5 64. Ra8 f6 65.
Ra7+ Kh6 66. Ra6 Rb5 67. Kf4 Rb4+ 68. Kg3 Kg7 69. Ra7+ Kh6 70. Ra6 f5 71. Ra7
f4+ 72. Kh3 Rb3 73. Kg2 Rb2+ 74. Kg1 Rb5 75. Rf7 g5 76. hxg5+ Kxg5 77. Kh2 Rb2+
78. Kg1 Rb4 79. Rg7+ Kh4 80. Kg2 Rb2+ 81. Kg1 Kh3 82. Rg5 Rb1+ 83. Kf2 Rb2+ 84.
Kg1 Rb3 85. Kf2 Rb2+ 86. Kg1 {3-fold repetition claim possible here. White had
~5 min left, Black had ~1 minute.} h4 87. Rg4 Rb1+ 88. Kf2 Rb2+ 89. Kg1 Rb4 90.
Kf2 Ra4 91. Kg1 Ra3 92. Kf2 Ra2+ 93. Kg1 Ra1+ 94. Kf2 Rh1 95. Rxf4 Rh2+ 96. Kg1
Rg2+ 97. Kf1 Ra2 98. Rg4 Rb2 99. Kg1 Rc2 100. Kf1 Rb2 101. Kg1 1/2-1/2

[Event "4NCL Division 2b"]
[Site "Birmingham, ENG ENG"]
[Date "2016.01.23"]
[Round "3.11"]
[White "Booth, Richard"]
[Black "Gregory, Stephen J"]
[Result "1-0"]
[WhiteElo "2020"]
[BlackElo "2125"]
[PlyCount "137"]
[EventDate "2016.01.23"]
[WhiteTeam "Hackney 1"]
[BlackTeam "Anglian Avengers 1"]

1. c4 Nf6 2. Nf3 Nc6 3. b3 e5 4. Bb2 e4 5. Nd4 Bc5 6. e3 O-O 7. Be2 Bxd4 8.
exd4 d5 9. d3 exd3 10. Qxd3 Re8 11. O-O Qe7 12. Nc3 dxc4 13. Qxc4 Be6 14. Qc5
Rad8 15. Rad1 Rxd4 16. Qxe7 Rxe7 17. Nb5 Rxd1 18. Rxd1 Bxb3 19. axb3 Rxe2 20.
Bxf6 gxf6 21. Nxc7 Rb2 22. Ne8 Rxb3 23. Nxf6+ Kg7 24. Ne8+ Kf8 25. Nf6 h6 26.
g4 a5 27. Nd7+ Kg7 28. Nc5 Rb4 29. h3 b6 30. Rd6 bxc5 31. Rxc6 c4 32. Kf1 a4
33. Ra6 c3 34. Ke2 c2 35. Kd2 Rc4 36. Kc1 f6 37. Ra7+ Kg6 38. Ra5 Kf7 39. Ra6
Ke7 40. f4 Rxf4 41. Kxc2 Kf7 42. Kd3 Kg6 43. Ke3 Rb4 44. Kf3 Rb3+ 45. Kf4 Rb4+
46. Kf3 Kf7 47. Kg3 Rb3+ 48. Kf4 a3 49. h4 Ke7 50. Kf5 Kd7 51. Kxf6 Kc7 52. Ra4
Rg3 53. Kg6 a2 54. g5 hxg5 55. h5 g4 56. Rxa2 Rh3 57. Ra4 g3 58. Rg4 Kd6 59.
Rg5 g2 60. h6 Ra3 61. h7 Ra8 62. Rxg2 Ke5 63. Kh6 Kf5 64. Rg5+ Kf4 65. Rg8 Ra6+
66. Rg6 Ra8 67. Rf6+ Ke5 68. Kg7 Rb8 69. Rf8 1-0

[Event "4NCL Division 2b"]
[Site "Birmingham, ENG ENG"]
[Date "2016.01.23"]
[Round "3.12"]
[White "Sheerin, Alex"]
[Black "Balloglu, Piro"]
[Result "0-1"]
[WhiteElo "1727"]
[BlackElo "1959"]
[PlyCount "120"]
[EventDate "2016.01.23"]
[WhiteTeam "Anglian Avengers 1"]
[BlackTeam "Hackney 1"]

1. e4 e5 2. Nf3 Nc6 3. Nc3 Nf6 4. Bb5 d6 5. d4 exd4 6. Nxd4 Bd7 7. Nxc6 bxc6 8.
Bc4 Be7 9. O-O O-O 10. Bf4 Be6 11. Qe2 Nxe4 12. Nxe4 d5 13. Bd3 dxe4 14. Qxe4
g6 15. Qxc6 Bf6 16. Rad1 Bxb2 17. Bxg6 Qf6 18. Bxf7+ Qxf7 19. Bh6 Bg7 20. Bxg7
Kxg7 21. Rd3 Rad8 22. Rf3 Qd7 23. Qc3+ Qd4 24. Qxc7+ Rf7 25. Qg3+ Kf8 26. Rd3
Qf6 27. Re3 Bxa2 28. Rfe1 Qf4 29. Qxf4 Rxf4 30. Ra3 Bc4 31. Rxa7 Rd2 32. Rb1
Rf7 33. Rxf7+ Kxf7 34. Rc1 Ke6 35. g3 Kf5 36. Kg2 Bd5+ 37. Kf1 Ke4 38. Ke1 Rd4
39. Rd1 Rc4 40. Rd2 Bc6 41. Ke2 Rc3 42. Kd1 Bb5 43. f4 h5 44. Rf2 Ke3 45. Ke1
Bd3 46. f5 Rxc2 47. Rxc2 Bxc2 48. f6 Bb3 49. Kf1 Kf3 50. Kg1 Bc4 51. g4 Kxg4
52. Kg2 Bd5+ 53. Kf2 Kh3 54. Kg1 h4 55. Kf2 Kxh2 56. Kf1 Kg3 57. Kg1 h3 58. f7
h2+ 59. Kf1 h1=Q+ 60. Ke2 Bxf7 0-1

[Event "4NCL Division 2b"]
[Site "Birmingham, ENG ENG"]
[Date "2016.01.23"]
[Round "3.15"]
[White "Ward, Chris G"]
[Black "Buckley, David E"]
[Result "1-0"]
[WhiteElo "2431"]
[BlackElo "2266"]
[PlyCount "47"]
[EventDate "2016.01.23"]
[WhiteTeam "KJCA Kings"]
[BlackTeam "Downend & Fishponds"]

1. d4 Nf6 2. c4 e6 3. Nc3 Bb4 4. Nf3 c5 5. g3 Ne4 6. Qd3 Qa5 7. Qxe4 Bxc3+ 8.
Bd2 Bxd2+ 9. Nxd2 Nc6 10. d5 Nd4 11. Bg2 Nb3 12. Rd1 Qxa2 13. dxe6 dxe6 14. Qe5
O-O 15. O-O Nxd2 16. Rxd2 Qxc4 17. Rfd1 h6 18. Rd8 Rxd8 19. Rxd8+ Kh7 20. Be4+
f5 21. Bf3 a5 22. Kg2 a4 23. Qc7 Qc2 24. Qf7 1-0

[Event "4NCL Division 2b"]
[Site "Birmingham, ENG ENG"]
[Date "2016.01.23"]
[Round "3.16"]
[White "Duncanson, Henry G"]
[Black "Harakis, Alexis M"]
[Result "1-0"]
[WhiteElo "2305"]
[BlackElo "2251"]
[PlyCount "95"]
[EventDate "2016.01.23"]
[WhiteTeam "Downend & Fishponds"]
[BlackTeam "KJCA Kings"]

1. Nf3 Nf6 2. d4 g6 3. Nc3 d5 4. Bf4 Bg7 5. Qd2 O-O 6. h4 h5 7. e3 Bf5 8. Bd3
Bxd3 9. cxd3 c6 10. O-O Nbd7 11. Rfc1 Ng4 12. Ne2 e5 13. Bg3 Re8 14. b4 Bf6 15.
dxe5 Ngxe5 16. Bxe5 Nxe5 17. Nxe5 Rxe5 18. d4 Re4 19. g3 Qd7 20. Kg2 Rae8 21.
Rc3 g5 22. hxg5 Bxg5 23. Rg1 Qf5 24. Qd3 Qf6 25. Rh1 Qh6 26. Nf4 Bxf4 27. exf4
Qg7 28. Qf3 Qxd4 29. Rxh5 Re2 30. Qg4+ Kf8 31. Rf3 R8e6 32. Qh3 Qe4 33. Re5
Rxe5 34. Qh8+ Ke7 35. fxe5 Qxe5 36. Qc8 Qe6 37. Qxb7+ Kf8 38. Qa8+ Kg7 39. Qxa7
Re4 40. a3 d4 41. Qc5 f6 42. a4 Rg4 43. a5 Qe4 44. a6 Rg5 45. Qd6 Qe5 46. Qd7+
Kh6 47. a7 Rg8 48. Qxc6 1-0

[Event "4NCL Division 2b"]
[Site "Birmingham, ENG ENG"]
[Date "2016.01.23"]
[Round "3.17"]
[White "Sathyanandha, Saravanan"]
[Black "Russell, Christopher"]
[Result "1/2-1/2"]
[WhiteElo "2154"]
[BlackElo "2088"]
[PlyCount "106"]
[EventDate "2016.01.23"]
[WhiteTeam "KJCA Kings"]
[BlackTeam "Downend & Fishponds"]

1. e4 e6 2. d3 d5 3. Qe2 dxe4 4. dxe4 b6 5. Nd2 Ba6 6. Nc4 Ne7 7. Bg5 h6 8. Rd1
Qc8 9. Bxe7 Bxe7 10. Qg4 O-O 11. e5 Nd7 12. Nf3 Rd8 13. Be2 b5 14. Na5 c5 15.
Qe4 Nb6 16. Bd3 g6 17. Nc6 Re8 18. Nxe7+ Rxe7 19. Qh4 Qf8 20. Be4 Rc8 21. O-O
b4 22. Rfe1 Na4 23. Rd6 Bb5 24. c4 bxc3 25. b3 Nb6 26. a4 Be8 27. Rc1 Nd5 28.
Bxd5 exd5 29. Rxd5 Bc6 30. Rd3 Bxf3 {(=)} 31. Rxf3 Rxe5 32. Rfxc3 Rce8 33. g3
Qd6 34. Qg4 Re1+ 35. Kg2 Rxc1 36. Rxc1 Re5 37. Rd1 Rd5 38. Rxd5 Qxd5+ 39. Qf3
Qd7 40. Qe3 Qd5+ 41. Qf3 Qd7 42. Qe4 h5 43. h3 Kh7 44. g4 hxg4 45. hxg4 Kg8 46.
Kg3 Qd6+ 47. Qf4 Qd3+ 48. Qe3 Qd5 49. f3 Kh7 50. Kf2 Kg8 51. Ke2 c4 52. b4 c3
53. Qxc3 Qa2+ 1/2-1/2

[Event "4NCL Division 2b"]
[Site "Birmingham, ENG ENG"]
[Date "2016.01.23"]
[Round "3.18"]
[White "Savory, Richard J"]
[Black "Anilkumar, Anantha P"]
[Result "1/2-1/2"]
[WhiteElo "2095"]
[BlackElo "2024"]
[PlyCount "104"]
[EventDate "2016.01.23"]
[WhiteTeam "Downend & Fishponds"]
[BlackTeam "KJCA Kings"]

1. e4 c5 2. Nf3 d6 3. d4 cxd4 4. Nxd4 Nf6 5. Nc3 g6 6. Be3 a6 7. Be2 Nbd7 8.
O-O Bg7 9. Qd2 O-O 10. Bh6 Nc5 11. Bxg7 Kxg7 12. Bf3 Bd7 13. Rfe1 Qb6 14. Nb3
Nxb3 15. axb3 Rac8 16. Nd5 Nxd5 17. exd5 Bf5 18. Be4 Bxe4 19. Rxe4 Rc7 20. Rh4
Rh8 21. Raa4 h6 22. Rhb4 Qa7 23. Rc4 Rxc4 24. Rxc4 Qb6 25. Qc3+ Kh7 26. h3 Qb5
27. Qd4 Qa5 28. b4 Qb5 29. Rc7 Re8 30. Qc4 Qb6 31. c3 Kg7 32. Rd7 Kf6 33. Qh4+
Kg7 34. Rxe7 Rxe7 35. Qxe7 a5 36. Qe3 Qxe3 37. fxe3 axb4 38. c4 Kf6 39. Kf2 Ke5
40. Ke2 Ke4 41. Kd2 b6 42. b3 f5 43. Ke2 g5 44. g4 f4 45. exf4 gxf4 46. h4 f3+
47. Kf2 Kf4 48. g5 hxg5 49. hxg5 Kxg5 50. Kxf3 Kf5 51. Ke3 Ke5 52. Kd3 Kf4
1/2-1/2

[Event "4NCL Division 2b"]
[Site "Birmingham, ENG ENG"]
[Date "2016.01.23"]
[Round "3.19"]
[White "Golding, James"]
[Black "Fry, Charles A"]
[Result "0-1"]
[WhiteElo "1929"]
[BlackElo "2093"]
[PlyCount "106"]
[EventDate "2016.01.23"]
[WhiteTeam "KJCA Kings"]
[BlackTeam "Downend & Fishponds"]

1. d4 d5 2. c4 c6 3. Nf3 Nf6 4. Nc3 dxc4 5. a4 Bf5 6. e3 e6 7. Bxc4 Bb4 8. Bd2
Qe7 9. O-O O-O 10. h3 Nbd7 11. Qe2 e5 12. Rfd1 exd4 13. exd4 Qxe2 14. Nxe2 Bxd2
15. Rxd2 Nb6 16. Bb3 Nbd5 17. Nc3 Rad8 18. Rdd1 Be6 19. Bxd5 Nxd5 20. a5 Nb4
21. Rd2 Bd5 22. Ra4 Na6 23. Ne5 f6 24. Ng4 Rd7 25. Nxd5 Rxd5 26. Ne3 Rd7 27. d5
Rfd8 28. Rad4 Nc7 29. b4 cxd5 30. Kf1 Kf7 31. Ke1 Ke6 32. Kd1 Nb5 33. R4d3 d4
34. Nc2 Rd5 35. Kc1 a6 36. Kb2 R8d6 37. Re2+ Re5 38. Red2 Red5 39. Re2+ Kd7 40.
Red2 Kc6 41. Kb3 Kc7 42. Kc4 Rg5 43. g4 Rc6+ 44. Kb3 Rc3+ 45. Rxc3+ dxc3 46.
Rd3 Re5 47. Ne3 Kc6 48. f3 h5 49. Nc2 Re2 50. Na3 Rb2+ 51. Ka4 Ra2 52. Rxc3+
Nxc3+ 53. Kb3 Rxa3+ 0-1

[Event "4NCL Division 2b"]
[Site "Birmingham, ENG ENG"]
[Date "2016.01.23"]
[Round "3.20"]
[White "Hosken, Nigel K"]
[Black "Hand, Freddie"]
[Result "1/2-1/2"]
[WhiteElo "2108"]
[BlackElo "1878"]
[PlyCount "99"]
[EventDate "2016.01.23"]
[WhiteTeam "Downend & Fishponds"]
[BlackTeam "KJCA Kings"]

1. d4 d5 2. c4 c6 3. Nf3 Nf6 4. Nc3 e6 5. e3 Nbd7 6. Bd3 dxc4 7. Bxc4 b5 8. Bd3
a6 9. O-O c5 10. b3 Bb7 11. Bb2 Bd6 12. Re1 O-O 13. Qe2 Qc7 14. h3 Rac8 15.
Rac1 Qb8 16. Nd2 Qa8 17. f3 cxd4 18. exd4 Nh5 19. Nce4 Bc7 20. Ba3 Qb8 21. Rxc7
Qxc7 22. Bxf8 Rxf8 23. Qe3 Nf4 24. Bb1 f5 25. Nc5 Rf6 26. Nf1 Rg6 27. g3 Nxc5
28. dxc5 h6 29. Kh2 Nh5 30. Qf2 Bd5 31. b4 Bc4 32. f4 Bd5 33. Rd1 {(=)} Nf6 34.
Qd4 h5 35. Ne3 h4 36. Nxd5 Nxd5 37. Bxf5 hxg3+ 38. Kg1 Rf6 39. Bxe6+ Rxe6 40.
Qxd5 Qf7 41. c6 Kh7 42. f5 Re1+ 43. Kg2 Re2+ 44. Kxg3 Qf6 45. Rd4 Qg5+ 46. Rg4
Qe3+ 47. Qf3 Qe5+ 48. Qf4 Qc3+ 49. Kh4 Re3 50. Rg3 1/2-1/2